Statystyki dla Nazwy państw, które kończą się na spółgłoskę

Kliknij tutaj aby rozwiązać quiz!

Ogólne statystyki

  • Ten quiz został rozwiązany 211 razy
  • Średni wynik to 39 z 52

Statystyki odpowiedzi

KontynentPaństwo% Poprawnych
AzjaAfganistan
90%
AzjaTadżykistan
90%
Ameryka PółnocnaMeksyk
89%
AzjaTurkmenistan
89%
AzjaKazachstan
88%
AzjaPakistan
88%
EuropaWatykan
88%
EuropaLiechtenstein
87%
EuropaLuksemburg
86%
AzjaUzbekistan
86%
AzjaIrak
85%
AzjaIran
85%
EuropaBiałoruś
84%
AfrykaEgipt
84%
Ameryka PołudniowaEkwador
83%
AzjaIzrael
83%
AzjaKirgistan
83%
AzjaOman
83%
Ameryka PołudniowaParagwaj
83%
Ameryka PołudniowaUrugwaj
83%
AzjaJemen
82%
AzjaAzerbejdżan
81%
AzjaBhutan
80%
AzjaWietnam
80%
AfrykaCzad
79%
AzjaCypr
78%
AzjaLiban
78%
AzjaKatar
77%
AzjaLaos
77%
AfrykaNiger
77%
AfrykaSudan
77%
Ameryka PołudniowaSurinam
77%
Ameryka ŚrodkowaHonduras
76%
AzjaKuwejt
76%
AzjaNepal
75%
AfrykaMadagaskar
73%
AzjaBangladesz
72%
Ameryka ŚrodkowaSalwador
72%
AfrykaSenegal
71%
AfrykaKamerun
70%
AzjaSingapur
70%
Ameryka ŚrodkowaBarbados
69%
AfrykaBenin
69%
AzjaBahrajn
67%
AfrykaGabon
66%
AfrykaMozambik
65%
AfrykaWybrzeże Kości Słoniowej
65%
Azja*Tajwan
63%
AfrykaMauritius
62%
Ameryka ŚrodkowaSaint Kitts i Nevis
53%
Azja*Górski Karabach
10%
Afryka*Somaliland
10%

Rozkład punktacji

Percentyl według liczby udzielonych odpowiedzi

Procent ludzi z każdym wynikiem

Twoja historia wyników

Nie rozwiązałeś tego quizu